| 000 | 00478nam a22001697a 4500 | ||
|---|---|---|---|
| 005 | 20231114131727.0 | ||
| 008 | 231114b |||||||| |||| 00| 0 eng d | ||
| 020 | _a0409030023 | ||
| 041 | _aEnglish | ||
| 082 | _a344.6 HYM | ||
| 100 | _lEnglish | ||
| 245 | _aEngineering Construction Contracts | ||
| 260 |
_aDurban : _bButterworth Publishers (Pty) Ltd, _c1992 |
||
| 300 |
_bxv, _c26 cm. |
||
| 650 |
_aLegal practice _bLaw |
||
| 942 |
_cBK _6ALISON_BN_VRIES |
||
| 999 |
_c632 _d632 |
||